000 00578nam a2200205Ia 4500
003 GCL
008 140319s9999 xx 000 0 ara d
040 _aGCL /
_cGCL
082 0 4 _a193
_bك ا
100 1 _aكامنكا، أوجين
245 1 0 _aالاسس الاخلاقية للماركسية /
_cكامنكا، أوجين
700 1 _aمجاهد عبدالمنعم مجاهد
300 _a254 ص
490 _a
650 0 4 _aالماركسية
650 0 4 _aالفلسفة
650 0 4 _aالفلسفة الغربية
650 0 4 _aالمنطق
942 _2ddc
_cBK
999 _c40506
_d40506